000 00817nam a2200193Ia 4500
008 151121s9999||||xx |||||||||||||| ||und||
082 _aबा। वि।
082 _bHNW-78885
100 _aस्वामी विवेकानंद
245 _aस्वामी विवेकानंद का शिक्षादर्शन
260 _b"अरुण प्रकाशन, न। दिल्ली।"
260 _c--
300 _a79
600 _aस्वामी विवेकानंद
630 _aस्वामी विवेकानंद का शिक्षादर्शन
700 _aस्वामी विवेकानंद
730 _aस्वामी विवेकानंद का शिक्षादर्शन
942 _cBOOK
999 _c1260287
_d1260284